书目信息 |
| 题名: |
禁断的辐射
|
|
| 作者: | 出云谕明 著 | |
| 分册: | ||
| 出版信息: | 北京 中国环境科学出版社 2005 |
|
| 页数: | 125页 | |
| 开本: | 21cm | |
| 丛书名: | 环境警示丛书 | |
| 单 册: | ||
| 中图分类: | R594.8-49 | |
| 科图分类: | ||
| 主题词: | 电磁波--电磁辐射--影响--健康--普及读物 | |
| 电子资源: | ||
| ISBN: | 7-80209-219-1 | |
| 000 | 01175nam0 2200325 450 | |
| 000 | 01138nam0 2200313 450 | |
| 000 | 01108nam0 2200313 450 | |
| 000 | 01054nam0 2200289 450 | |
| 000 | 01072nam0 2200277 450 | |
| 000 | 01035nam0 2200265 45 | |
| 001 | 06303000274 | |
| 005 | 20061204173357.26 | |
| 010 | @a7-80209-219-1@dCNY12.00 | |
| 100 | @a20060829d2005 ekmy0chiy0110 ea | |
| 101 | 0 | @achi |
| 102 | @aCN@b110000 | |
| 105 | @ay z 000yy | |
| 200 | 1 | @a禁断的辐射@Ajin duan de fu she@e论电磁波污染对人体健康的危害@ELun Dian Ci Bo Wu Ran Dui Ren Ti Jian Kang De Wei Hai@f(日)出云谕明著@F( Ri ) Chu Yun Yu Ming Zhu |
| 210 | @a北京@c中国环境科学出版社@d2005 | |
| 215 | @a125页@d21cm | |
| 225 | 2 | @a环境警示丛书 |
| 410 | 0 | @12001 @a环境警示丛书 |
| 517 | 1 | @a论电磁波污染对人体健康的危害@Alun dian ci bo wu ran dui ren ti jian kang de wei hai |
| 606 | 0 | @a电磁波@x电磁辐射@x影响@x健康@y普及读物 |
| 690 | @aR594.8-49@v4 | |
| 701 | 0 | @a出云谕明@Achu yun yu ming@4著 |
| 801 | 0 | @aCN@b中图数据@c20061204 |
| 905 | @a10447@dR594.8-49@e82 | |
| 禁断的辐射:论电磁波污染对人体健康的危害/(日)出云谕明著.-北京:中国环境科学出版社,2005 |
| 125页;21cm.-(环境警示丛书) |
| ISBN 7-80209-219-1:CNY12.00 |
| ● |
| 相关链接 |
|
|
|
|
正题名:禁断的辐射
索取号:R594.8-49/82
 
预约/预借
| 序号 | 登录号 | 条形码 | 馆藏地/架位号 | 状态 | 备注 |
| 1 | 0615011 | 206150118 | 第二样本阅览室/ [索取号:R594.8-49/82] | 在馆 | |
| 2 | 0615012 | 206150127 | 教育系资料室/ [索取号:R594.8-49/82] | 在馆 | |
| 3 | 0615013 | 206150136 | 教育系资料室/ [索取号:R594.8-49/82] | 在馆 | |
| 4 | 0615014 | 206150145 | 第三借阅区/ [索取号:R594.8-49/82] | 在馆 | |
| 5 | 0615015 | 206150154 | 第三借阅区/ [索取号:R594.8-49/82] | 在馆 |